Dôsledky zavedenia spoločnej meny Euro vo vybraných krajinách bakalárska práca

Salvato in:
Dettagli Bibliografici
Autore principale: Bednarovská, Mária
Ente Autore: Národohospodárska fakulta EU. Katedra hospodárskej politiky
Altri autori: Sabo, Štefan
Natura: Libro
Lingua:slovacco
Pubblicazione: Bratislava 2012
Tags: Aggiungi Tag
Nessun Tag, puoi essere il primo ad aggiungerne!!

MARC

LEADER 00000nbm a2200000 4500
001 0155766
005 20161109111914.8
041 0 |a slo 
044 |a SK 
245 1 0 |a Dôsledky zavedenia spoločnej meny Euro vo vybraných krajinách  |b bakalárska práca  |c Mária Bednarovská ; školiteľ: Štefan Sabo 
264 1 |a Bratislava  |c 2012 
300 |a 48 s. 
100 1 |a Bednarovská, Mária 
700 1 |a Sabo, Štefan 
710 2 |a Národohospodárska fakulta EU. Katedra hospodárskej politiky